000 00343nam a2200145Ia 4500
008 260601s2001 xx 000 0 und d
020 _a978-0-72-97609-0
041 _aeng
082 _a658.4092/COL
100 _aCOLLINS JIM
245 _aGOOD YO GREAT
260 _aUK
_bPENGUIN RANDOM HOUSE
_c2001
300 _aH.B,300
650 _aMBA
999 _c1222333
_d1222333